MARC details
| 000 -CABECERA |
| campo de control de longitud fija |
01053cam a2200289 a 4500 |
| 001 - NÚMERO DE CONTROL |
| campo de control |
000018037 |
| 005 - FECHA Y HORA DE LA ÚLTIMA TRANSACCIÓN |
| campo de control |
20200929165328.0 |
| 008 - DATOS DE LONGITUD FIJA--INFORMACIÓN GENERAL |
| campo de control de longitud fija |
950803r19961868nyu b 000 0aeng |
| 010 ## - NÚMERO DE CONTROL DE LA BIBLIOTECA DEL CONGRESO |
| Número de control de LC |
95035853 |
| 020 ## - NÚMERO INTERNACIONAL ESTÁNDAR DEL LIBRO |
| Número Internacional Estándar del Libro |
0486290735 (pbk.) |
| 040 ## - FUENTE DE LA CATALOGACIÓN |
| Centro catalogador/agencia de origen |
DO-SdBNP |
| Centro/agencia transcriptor |
DLC |
| Centro/agencia modificador |
DLC |
| 043 ## - CÓDIGO DE ÁREA GEOGRÁFICA |
| Código de área geográfica |
n-us--- |
| 050 00 - SIGNATURA TOPOGRÁFICA DE LA BIBLIOTECA DEL CONGRESO |
| Número de clasificación |
E302.6.F7 |
| Número de documento/Ítem |
A3 1996 |
| 082 00 - NÚMERO DE LA CLASIFICACIÓN DECIMAL DEWEY |
| Número de clasificación |
973.3/092 |
| -- |
B |
| Número de edición |
20 |
| 100 1# - ENTRADA PRINCIPAL--NOMBRE DE PERSONA |
| Nombre de persona |
Franklin, Benjamin, |
| Fechas asociadas al nombre |
1706-1790. |
| 9 (RLIN) |
4387 |
| 245 14 - MENCIÓN DE TÍTULO |
| Título |
The autobiography of Benjamin Franklin / |
| Mención de responsabilidad, etc. |
Benjamin Franklin. |
| 250 ## - MENCIÓN DE EDICIÓN |
| Mención de edición |
Dover ed. |
| 260 ## - PUBLICACIÓN, DISTRIBUCIÓN, ETC. |
| Lugar de publicación, distribución, etc. |
New York : |
| Nombre del editor, distribuidor, etc. |
Dover Publications, |
| Fecha de publicación, distribución, etc. |
1996. |
| 300 ## - DESCRIPCIÓN FÍSICA |
| Extensión |
viii, 136 p. ; |
| Dimensiones |
21 cm. |
| 440 #0 - MENCIÓN DE SERIE/PUNTO DE ACCESO ADICIONAL--TÍTULO |
| Título |
Dover thrift editions |
| 9 (RLIN) |
39107 |
| 500 ## - NOTA GENERAL |
| Nota general |
"Unabridged text ... published by J.P. Lippincott & Co., Philadelphia, 1868"--T.p. verso. |
| 504 ## - NOTA DE BIBLIOGRAFÍA, ETC. |
| Nota de bibliografía, etc. |
Includes bibliographical references. |
| 600 10 - PUNTO DE ACCESO ADICIONAL DE MATERIA--NOMBRE DE PERSONA |
| Nombre de persona |
Franklin, Benjamin, |
| Fechas asociadas al nombre |
1706-1790. |
| 9 (RLIN) |
4387 |
| 650 #0 - PUNTO DE ACCESO ADICIONAL DE MATERIA--TÉRMINO DE MATERIA |
| Término de materia o nombre geográfico como elemento de entrada |
Statesmen |
| Subdivisión geográfica |
United States |
| Subdivisión general |
Biography. |
| 9 (RLIN) |
39108 |
| 856 42 - LOCALIZACIÓN Y ACCESO ELECTRÓNICOS |
| Especificación de materiales |
Publisher description |
| Identificador Uniforme del Recurso |
<a href="http://www.loc.gov/catdir/description/dover031/95035853.html">http://www.loc.gov/catdir/description/dover031/95035853.html</a> |
| 910 ## - DATOS DE OPCIÓN DEL USUARIO (OCLC) |
| Datos de opción del usuario |
Catalogación derivada |